header

Monitoring human tissues for toxic substances (Record no. 28269)

MARC details
000 -LEADER
fixed length control field 01457nam a2200325 a 4500
082 04 - DEWEY DECIMAL CLASSIFICATION NUMBER
Classification number 615.9/07
245 10 - TITLE STATEMENT
Title Monitoring human tissues for toxic substances
260 ## - PUBLICATION, DISTRIBUTION, ETC. (IMPRINT)
Place of publication Washington, D.C. :
Name of publisher National Academy Press,
Year of publication 1991.
300 ## - PHYSICAL DESCRIPTION
Number of Pages xi, 211 p.
650 #0 - SUBJECT ADDED ENTRY--TOPICAL TERM
Topical Term Biological monitoring
Topical Term Blood
Topical Term Adipose tissues
Topical Term Health risk assessment.
856 40 - ELECTRONIC LOCATION AND ACCESS
Uniform Resource Identifier http://site.ebrary.com/lib/rucke/Doc?id=10068358

No items available.

© 2026 Rongo University
Contact us: librarian | system librarian | Rongo university